000 00849nam a2200217 a 4500
001 47709
003 BD-RjUL
005 20211209054356.0
008 160810s1985 bg ||||| |||| 00| 0 ben d
035 _a(BD-RjUL)47828
040 _aBD-RjUL
_bben
_cBD-RjUL
_dBD-RjUL
041 _aben
082 _223
_a374
_bBOY 1985
245 0 1 _aবয়স্ক শিক্ষা ও উন্নয়ন /
_cঅনুবাদ আবু হামিদ লতিফ
260 _aঢাকা :
_bশিক্ষা প্রকল্প ও উন্নয়ন গবেষণা,
_c১৯৮৫
300 _a১৫৮ পৃ. ;
_c২৪ সেমি.
650 _aবয়স্ক শিক্ষা
_9144925
650 _aAdult Education
_9144926
700 _aলতিফ, আবু হামিদ অনুবাদ
_9144927
942 _2ddc
_cBK
999 _c47709
_d47709